LEADER 01186nam a2200265 i 4500 001 000000043482 003 CaOOAMICUS 005 20090818000000.0 008 090818s1966 gw u000 u ger u 013 $a14652 040 $aSeMil$bita 245 10$aBilanz des deutschen Katholizismus /$cherausgegeben von N. Greinacher und H. T. Risse. 260 $aMainz :$bMatthias Grünewald,$c1966. 300 $a511 p. ;$c21 cm. 490 0 $aGrünewald Reihe 650 4$aChiesa cattolica - Germania.$0(OLS)http://semarc/subject/9288 650 4$aChiesa cattolica - Germania - Storia.$0(OLS)http://semarc/subject/9289 650 4$aChiesa - Sec. 20. - Periodo postconciliare.$0(OLS)http://semarc/subject/793 700 1 $aRisse, Heinz Theo.$0(OLS)http://semarc/name/21598 700 1 $aGreinacher, Norbert <1931- >.$0(OLS)http://semarc/name/21445 830 0$aGrünewald Reihe.$0(OLS)http://semarc/title/11588 850 $aSeMil 852 $aSeMil$W1$xVenegono$y1$m2B II 310$j9637$B9637$CSeMilBibl$Z2$F9637 $81 996 $6245$aBilanz des deutschen Katholizismus$9(OLS)http://semarc/title/63911 996 $6260$aMainz :$bMatthias Grünewald$9(OLS)http://semarc/publisher/32193 LEADER 01101nam a2200241 i 4500 001 000000103609 003 CaOOAMICUS 005 20011009000000.0 008 011009s1996 it u000 u ita u 013 $a75780 020 $a88-7107-068-2 040 $aSeMil$bita 245 10$aC. Chiesa di S. Barbara-Czernius. 260 $aRoma :$bICCU,$c1996. 300 $aXXIII, 327 p., 23 c. di tav. 710 2 $aIstituto centrale per il catalogo unico delle biblioteche italiane e per le informazioni bibliografiche.$0(OLS)http://semarc/name/281 773 0 $aIstituto centrale per il catalogo unico delle biblioteche italiane e per le informazioni bibliografiche$tEdizioni italiane del 16. secolo.$dRoma : [s.n.], 1985.$gVolume4$w()705 850 $aSeMil 852 $aSeMil$W1$xVenegono$y1$mSL1.C VII 5$j60070$B60070$CSeMilBibl$Z2$F44550 $8I 961 $aSottoscrizione: Casa editrice 996 $6020$a88-7107-068-2$9(OLS)http://semarc/number/83471 996 $6245$aC. Chiesa di S. Barbara-Czernius$9(OLS)http://semarc/title/150418 996 $6260$aRoma :$bICCU$9(OLS)http://semarc/publisher/29823